Innsbruck - Choix multiples - Statistiques

Statistiques générales
  • Ce quiz a été pris 9 fois
  • Le résultat moyen est 6 sur 10
Statistiques - réponses
Question Réponse % Correct
De quel land d'Autriche Innsbruck est-elle la capitale ? Le Tyrol
88%
En quelle année Innsbruck a-t-elle organisé les Jeux olympiques d'hiver pour la première fois ? 1964
75%
De quel fleuve l'Inn qui arrose Innsbruck est-il un affluent ? Le Danube
75%
Reconnaissez-vous Innsbruck sur l'une des images suivantes ?
63%
Les kaspressknödeln sont une spécialité locale, d'Innsbruck et des environs. Que contiennent typiquement ces boulettes ? Du fromage
63%
Quel col est parcouru par l'autoroute du même nom qui relie Innsbruck à Modène (en Italie) via le tunnel également du même nom ? Le col du Brenner
63%
Quel skieur alpin est devenu champion olympique de descente sur le Patscherkofel en 1976, lors de la seconde olympiade d'hiver organisée à Innsbruck ? Franz Klammer
50%
Quel insurgé a repris Innsbruck le 12 avril 1809 au détriment des Bavarois alliés de Bonaparte qui occupaient alors la ville ? Andreas Hofer
38%
Parmi les rois suivants, lequel a une statue à son effigie dans la Hofkirche, l'église d'Innsbruck, en tant qu'aïeul présumé de l'empereur Maximilien Ier de Habsbourg (d'Autriche) ? Clovis
38%
Que trouve-t-on au rez-de-chaussée du Musée d'art populaire d'Innsbruck ? Une importante collection de crèches de Noël
13%
Aucun quiz correspondant
Distribution des résultats
% des personnes avec chaque résultat
Percentile par nombre de réponses
Votre historique - résultats
Vous n’avez pas pris ce quiz